Gebirgsgruppen der österreichischen Alpen - Statistiken

Allgemein
  • Dieses Quiz wurde 1.260 mal gespielt
  • Das Durchschnittsergebnis liegt bei 16 aus 57
Antworten auf der Karte
Die Antworten werden auf der Karte rot bzw. grün angezeigt, abhängig davon wie oft sie richtig erraten wurden.
 
Antwortstatistiken
Lage AVE-Nr. Gebirgsgruppe % Korrekt
Zentr. O.a. 30 {Ötztaler} Alpen
65%
Zentr. O.a. 35 {Zillertaler} Alpen
58%
Zentr. O.a. 40 {Glockner}gruppe
54%
Nörd. O.a. 14 {Dachstein}gebirge
51%
Nörd. O.a. 5 Karwendel
48%
Süd. O.a. 59 {Karawanken} und {Bacher}gebirge
46%
Zentr. O.a. 31 {Stubaier} Alpen
45%
Zentr. O.a. 36 {Venediger}gruppe
45%
Nörd. O.a. 3b {Lechtaler} Alpen
42%
Zentr. O.a. 26 Silvretta
42%
Nörd. O.a. 24 Wienerwald
42%
Nörd. O.a. 2 {Allgäuer} Alpen
39%
Zentr. O.a. 34 {Kitzbüheler} Alpen
37%
Nörd. O.a. 1 {Bregenzerwald}gebirge
36%
Nörd. O.a. 15 {Totes} Gebirge
36%
Nörd. O.a. 10 {Berchtesgadener} Alpen
35%
Nörd. O.a. 8 {Kaiser}gebirge
33%
Nörd. O.a. 20 {Rax}-{Schneeberg}-Gruppe
33%
Nörd. O.a. 4 {Wetterstein} und {Mieminger} Kette
33%
Süd. O.a. 57a {Karnischer} Hauptkamm
31%
Zentr. O.a. 46a {Gurktaler} Alpen
29%
Nörd. O.a. 17a {Salzkammergut}-Berge
29%
Süd. O.a. 60 {Steiner} Alpen
28%
Zentr. O.a. 33 {Tuxer} Alpen
28%
Nörd. O.a. 11 {Chiemgauer} Alpen
27%
Süd. O.a. 56 {Gailtaler} Alpen
27%
Zentr. O.a. 45b {Schladminger} Tauern
27%
Nörd. O.a. 13 {Tennen}gebirge
27%
Nörd. O.a. 9 {Loferer} und {Leoganger} Steinberge
26%
Zentr. O.a. 25 Rätikon
26%
Nörd. O.a. 7a {Ammergauer} Alpen
23%
Zentr. O.a. 28 Verwall
23%
Nörd. O.a. 6 {Brandenberger} Alpen
22%
Nörd. O.a. 7b {Bayerische} Voralpen
21%
Nörd. O.a. 16 {Ennstaler} Alpen
20%
Nörd. O.a. 3a {Lechquellen}gebirge
20%
Zentr. O.a. 45a {Radstädter} Tauern
20%
Nörd. O.a. 18 {Hochschwab}gruppe
19%
Nörd. O.a. 17b {Oberösterreichische} Voralpen
19%
Zentr. O.a. 44 {Ankogel}gruppe
18%
Zentr. O.a. 41 {Schober}gruppe
18%
Nörd. O.a. 21 {Ybbstaler} Alpen
17%
Zentr. O.a. 27 {Samnaun}gruppe
16%
Zentr. O.a. 43 {Kreuzeck}gruppe
15%
Zentr. O.a. 46b {Lavanttaler} Alpen
15%
Zentr. O.a. 45c {Rottenmanner} und {Wölzer} Tauern
15%
Zentr. O.a. 39 {Granatspitz}gruppe
14%
Zentr. O.a. 47 Randgebirge {östlich} {der} {Mur}
14%
Zentr. O.a. 38 {Villgratner} Berge
14%
Zentr. O.a. 42 {Goldberg}gruppe
13%
Nörd. O.a. 12 {Salzburger} {Schiefer}alpen
13%
Zentr. O.a. 45d {Seckauer} Tauern
13%
Nörd. O.a. 23 {Gutensteiner} Alpen
12%
Zentr. O.a. 29 {Sesvenna}gruppe
12%
Nörd. O.a. 19 {Mürzsteger} Alpen
11%
Zentr. O.a. 37 {Rieserferner}gruppe
11%
Nörd. O.a. 22 {Türnitzer} Alpen
10%
Keine übereinstimmenden Quizze gefunden
Verteilung der Resultate
Anzahl Personen mit jedem Resultat
Perzentil nach korrekt beantworteten Fragen
Ihre Resultats-Entwicklung
Sie haben dieses Quiz noch nicht gespielt